| 000 | 00670nam a22001817a 4500 | ||
|---|---|---|---|
| 003 | OSt | ||
| 005 | 20240902132813.0 | ||
| 008 | 240902b ||||| |||| 00| 0 eng d | ||
| 040 | _cAIMIT LIBRARY | ||
| 100 |
_aSequeira, Jessica. _e2216076 _9178457 |
||
| 245 |
_aFinancial performance analysis of retail sector companies a comparision of pre and post covid / _cBy Jessica Sequeira ; Guided by Swapna Rose. |
||
| 260 |
_aUdupi ; _c2024. |
||
| 650 |
_aLiterature review objectives and conceptual framework _9178458 |
||
| 650 |
_aData analysis and interpretation _9178459 |
||
| 700 |
_aRose, Swapna. _eGuide _9178460 |
||
| 856 | _3Prakash retail pvt ltd | ||
| 942 |
_2ddc _cPRO |
||
| 999 |
_c231700 _d231700 |
||